Изготовление изделий из функциональной нанокерамики методами сухого ультразвукового и коллекторного компактирования; Нанотехнологии - производству 2004

Bibliografiske detaljer
Parent link:Нанотехнологии - производству 2004.— 2004.— С. 95-99
Andre forfattere: Хасанов О. Л. Олег Леонидович, Похолков Ю. П. Юрий Петрович, Двилис Э. С. Эдгар Сергеевич, Соколов В. М.
Summary:В фонде НТБ ТПУ отсутствует
Sprog:russisk
Udgivet: 2004
Fag:
Format: MixedMaterials Book Chapter
KOHA link:https://koha.lib.tpu.ru/cgi-bin/koha/opac-detail.pl?biblionumber=595654

MARC

LEADER 00000naa0a2200000 4500
001 595654
005 20250303125018.0
035 |a (RuTPU)RU\TPU\tpu\17165 
090 |a 595654 
100 |a 20100208d2004 k||y0rusy50 ca 
101 0 |a rus 
102 |a RU 
200 1 |a Изготовление изделий из функциональной нанокерамики методами сухого ультразвукового и коллекторного компактирования  |f О. Л. Хасанов [и др.] 
333 |a В фонде НТБ ТПУ отсутствует 
463 |t Нанотехнологии - производству 2004  |o труды Международной научно-практической конференции (Фрязино, 8-9 декабря 2004)   |v С. 95-99  |d 2004 
610 1 |a труды учёных ТПУ 
701 1 |a Хасанов  |b О. Л.  |c физик, специалист в области наноматериалов  |c профессор Томского политехнического университета, доктор технических наук  |c директор Нано-Центра ТПУ, заведующий кафедрой наноматериалов и нанотехнологий  |f 1958-  |g Олег Леонидович  |3 (RuTPU)RU\TPU\pers\26436  |4 070  |9 12140 
701 1 |a Похолков  |b Ю. П.  |c специалист в области электротехники, доктор технических наук  |c ректор Томского политехнического университета (1990-2008), профессор  |f 1939-  |g Юрий Петрович  |3 (RuTPU)RU\TPU\pers\10508  |4 070  |9 2235 
701 1 |a Двилис  |b Э. С.  |c химик-технолог  |c старший научный сотрудник Томского политехнического университета, профессор, доктор физико-математических наук  |f 1969-  |g Эдгар Сергеевич  |3 (RuTPU)RU\TPU\pers\26838  |4 070  |9 12457 
701 1 |a Соколов  |b В. М. 
801 1 |a RU  |b 63413507  |c 20100208 
801 2 |a RU  |b 63413507  |c 20110926  |g RCR 
942 |c BK